[Event "CRO-chT4 Center-A"]
[Site "Zagreb"]
[Date "2011.10.02"]
[Round "7.31"]
[White "Zetic, Berislav"]
[Black "Krizan, Ivan"]
[Result "0-1"]
[WhiteElo "2153"]
[BlackElo "1834"]
[PlyCount "110"]
[EventDate "2011.03.13"]
[EventType "team-tourn"]
[EventRounds "7"]
[EventCountry "CRO"]
[SourceTitle "EXT 2014"]
[Source "ChessBase"]
[SourceDate "2013.11.20"]
[SourceVersion "1"]
[SourceVersionDate "2013.11.20"]
[SourceQuality "1"]

1. e4 d6 2. d4 Nf6 3. Bd3 Nc6 4. c3 g6 5. f4 Bh6 6. Nf3 Bg4 7. 0-0 e5 8. fxe5 Bxc1 9. Qxc1 dxe5 10. d5 Bxf3 11. Rxf3 Nb8 12. Qg5 Nbd7 13. Nd2 h6 14. Qh4 c6 15. dxc6 Qb6+ 16. Qf2 Qxc6 17. Rf1 Ng4 18. Qg3 Qb6+ 19. Kh1 h5 20. Nc4 Qe6 21. Na5 0-0-0 22. Bc4 Qb6 23. b4 Ndf6 24. Qe1 Rd7 25. h3 Rhd8 26. Bb3 Rh8 27. Nc4 Qc6 28. Rxf6 Nxf6 29. Nxe5 Qxe4 30. Nxd7 Qxe1 31. Rxe1 Kxd7 32. Bxf7 g5 33. c4 b6 34. Re6 Rh6 35. b5 g4 36. Kg1 g3 37. Kf1 h4 38. Ke2 Ng4 39. Rxh6 Nxh6 40. Bd5 Kd6 41. Kd3 Ke5 42. Bb7 Nf5 43. a4 Nd6 44. Bf3 Nf5 45. Bg4 Nd4 46. Bd1 Ne6 47. Kc3 Ke4 48. Bf3+ Ke3 49. Bc6 Kf2 50. Kb4 Nf4 51. a5 Nxg2 52. c5 bxc5+ 53. Kc3 Nf4 54. b6 axb6 55. a6 Ne6 0-1

[Event "CRO-chT4A Center"]
[Site "Zagreb"]
[Date "2010.03.28"]
[Round "2.25"]
[White "Jusufi, Denis"]
[Black "Krizan, Ivan"]
[Result "1-0"]
[WhiteElo "1959"]
[BlackElo "1869"]
[PlyCount "135"]
[EventDate "2010.03.21"]
[EventType "team-tourn"]
[EventRounds "11"]
[EventCountry "CRO"]
[SourceTitle "EXT 2012"]
[Source "ChessBase"]
[SourceDate "2011.11.24"]
[SourceVersion "1"]
[SourceVersionDate "2011.11.24"]
[SourceQuality "1"]

1. e4 d6 2. d4 Nf6 3. Nc3 c6 4. Be3 Qa5 5. Qd2 Ng4 6. Bg5 e5 7. Nf3 exd4 8. Nxd4 h6 9. Bh4 g5 10. Nb3 Qb6 11. Bg3 a5 12. 0-0-0 a4 13. Qd4 Qxd4 14. Nxd4 a3 15. b3 Bg7 16. h3 Ne5 17. Nce2 Na6 18. f4 gxf4 19. Nxf4 Nc5 20. Nh5 Nxe4 21. Nxg7+ Kf8 22. Bxe5 dxe5 23. Ndf5 Bxf5 24. Nxf5 Nc3 25. Rd2 Nxa2+ 26. Kb1 Nc3+ 27. Ka1 Rg8 28. g4 h5 29. Ne3 a2 30. Bg2 Nb1 31. Rxb1 axb1Q+ 32. Kxb1 hxg4 33. hxg4 Ke8 34. Be4 Rd8 35. Rxd8+ Kxd8 36. Bf5 Kc7 37. Kb2 b5 38. Nd1 Kd6 39. Kc3 c5 40. Kd3 Rh8 41. Nf2 Rh2 42. Ke3 Kd5 43. Be4+ Kd6 44. Bd3 Kc6 45. Ne4 Rh3+ 46. Kd2 Rh2+ 47. Ke3 Rh3+ 48. Kf2 Kd5 49. Nc3+ Kc6 50. Bxb5+ Kb6 51. Bd3 c4 52. bxc4 Kc5 53. Ne4+ Kd4 54. Ng3 Rh2+ 55. Kf3 Rh3 56. g5 e4+ 57. Bxe4 Kxc4 58. Kg4 Rh2 59. Nf5 Kc5 60. Kf4 Rf2+ 61. Ke5 Re2 62. Nh6 Rf2 63. Bf5 Re2+ 64. Kf6 Kd6 65. Nxf7+ Kd5 66. g6 Re8 67. g7 Rg8 68. Nh6 1-0